000 00457nam a2200145Ia 4500
003 OSt
005 20260226095516.0
008 211028s2019 xx 000 0 und d
040 _cAIMIT LIBRARY
041 _aeng
100 _aChandrashekar, Kumar; Mascarenhas, Deepika M.
_g1716091
_98069
245 _aFinancial statement analysis: a case study with reference to electrical point Mangalore /
260 _aMangalore
_bBeena Dias
_c2019
942 _2ddc
_cPRO
999 _c219637
_d219637